| 000 | 00606nam a2200169Ia 4500 | ||
|---|---|---|---|
| 008 | 110201s9999 xx 000 0 und d | ||
| 082 |
_bB3873 _aK 1639 |
||
| 100 | _aचेस जेम्स हॅडले | ||
| 245 | _aहाँगकाँगची शवपेटी | ||
| 260 | _bमेनका प्रकाशन | ||
| 365 | _b16 | ||
| 600 | _aचेस जेम्स हॅडले | ||
| 630 | _aहाँगकाँगची शवपेटी | ||
| 700 | _aचेस जेम्स हॅडले | ||
| 730 | _aहाँगकाँगची शवपेटी | ||
| 942 | _cBOOK | ||
| 999 |
_c830415 _d830412 |
||